Score 0/168 Timer 15:00
0 Plays Today
Chapter Word % Correct
Chapter 1:
Minas Tirith
the
97.7%
Chapter 2: The Passing of the Grey Companythe
97.7%
Chapter 2: The Passing of the Grey Companythe
97.7%
Chapter 3:
The Muster of Rohan
the
97.7%
Chapter 3:
The Muster of Rohan
the
97.7%
Chapter 3:
The Muster of Rohan
the
97.7%
Chapter 3:
The Muster of Rohan
the
97.7%
Chapter 5:
The Ride of the Rohirrim
the
97.7%
Chapter 5:
The Ride of the Rohirrim
a
97.7%
Chapter 5:
The Ride of the Rohirrim
the
97.7%
Chapter 6: The Battle of the Pelennor Fieldsthe
97.7%
Chapter 7:
The Pyre of Denethor
the
97.7%
Chapter 7:
The Pyre of Denethor
the
97.7%
Chapter 8:
The Houses of Healing
A
97.7%
Chapter 8:
The Houses of Healing
the
97.7%
Chapter 9:
The Last Debate
The
97.7%
Chapter 9:
The Last Debate
the
97.7%
Chapter 9:
The Last Debate
the
97.7%
Chapter 10:
The Black Gate Opens
the
97.7%
Chapter 10:
The Black Gate Opens
the
97.7%
Chapter 10:
The Black Gate Opens
the
97.7%
Chapter 2: The Passing of the Grey Companyand
88.4%
Chapter 2: The Passing of the Grey Companyto
88.4%
Chapter 3:
The Muster of Rohan
to
88.4%
Chapter 3:
The Muster of Rohan
to
88.4%
Chapter 3:
The Muster of Rohan
and
88.4%
Chapter 5:
The Ride of the Rohirrim
and
88.4%
Chapter 5:
The Ride of the Rohirrim
and
88.4%
Chapter 8:
The Houses of Healing
and
88.4%
Chapter 9:
The Last Debate
and
88.4%
Chapter 9:
The Last Debate
and
88.4%
Chapter 2: The Passing of the Grey CompanyGandalf
87.2%
Chapter 4:
The Siege of Gondor
Gandalf.
87.2%
Chapter 7:
The Pyre of Denethor
Gandalf
87.2%
Chapter 1:
Minas Tirith
of
84.9%
Chapter 2: The Passing of the Grey Companyof
84.9%
Chapter 2: The Passing of the Grey Companyin
84.9%
Chapter 3:
The Muster of Rohan
of
84.9%
Chapter 3:
The Muster of Rohan
of
84.9%
Chapter 5:
The Ride of the Rohirrim
in
84.9%
Chapter 8:
The Houses of Healing
in
84.9%
Chapter 8:
The Houses of Healing
of
84.9%
Chapter 8:
The Houses of Healing
of
84.9%
Chapter 9:
The Last Debate
of
84.9%
Chapter 10:
The Black Gate Opens
of
84.9%
Chapter 1:
Minas Tirith
Pippin
83.7%
Chapter 4:
The Siege of Gondor
Pippin
83.7%
Chapter 2: The Passing of the Grey CompanyMerry
82.6%
Chapter 5:
The Ride of the Rohirrim
Merry
82.6%
Chapter 2: The Passing of the Grey CompanyAragorn.
81.4%
Chapter 5:
The Ride of the Rohirrim
It
79.1%
Chapter 6: The Battle of the Pelennor Fieldsit
79.1%
Chapter 9:
The Last Debate
it
79.1%
Chapter 2: The Passing of the Grey Companywas
77.9%
Chapter 4:
The Siege of Gondor
was
77.9%
Chapter 5:
The Ride of the Rohirrim
was
77.9%
Chapter Word % Correct
Chapter 5:
The Ride of the Rohirrim
was
77.9%
Chapter 6: The Battle of the Pelennor Fieldswas
77.9%
Chapter 8:
The Houses of Healing
was
77.9%
Chapter 9:
The Last Debate
was
77.9%
Chapter 10:
The Black Gate Opens
was
77.9%
Chapter 5:
The Ride of the Rohirrim
he
76.7%
Chapter 6: The Battle of the Pelennor Fieldsno
76.7%
Chapter 8:
The Houses of Healing
Minas
74.4%
Chapter 8:
The Houses of Healing
Tirith.
74.4%
Chapter 2: The Passing of the Grey Companywhen
70.9%
Chapter 5:
The Ride of the Rohirrim
dark
70.9%
Chapter 7:
The Pyre of Denethor
When
70.9%
Chapter 7:
The Pyre of Denethor
dark
70.9%
Chapter 8:
The Houses of Healing
when
70.9%
Chapter 5:
The Ride of the Rohirrim
on
69.8%
Chapter 10:
The Black Gate Opens
on
69.8%
Chapter 2: The Passing of the Grey Companynight,
68.6%
Chapter 2: The Passing of the Grey Companycame
68.6%
Chapter 5:
The Ride of the Rohirrim
night
68.6%
Chapter 9:
The Last Debate
came
68.6%
Chapter 2: The Passing of the Grey Companywere
67.4%
Chapter 3:
The Muster of Rohan
were
67.4%
Chapter 5:
The Ride of the Rohirrim
were
67.4%
Chapter 8:
The Houses of Healing
they
67.4%
Chapter 9:
The Last Debate
day
66.3%
Chapter 5:
The Ride of the Rohirrim
as
65.1%
Chapter 6: The Battle of the Pelennor Fieldsor
65.1%
Chapter 1:
Minas Tirith
from
64%
Chapter 3:
The Muster of Rohan
Shadow.
64%
Chapter 7:
The Pyre of Denethor
shadow
64%
Chapter 7:
The Pyre of Denethor
at
62.8%
Chapter 1:
Minas Tirith
looked
61.6%
Chapter 1:
Minas Tirith
out
61.6%
Chapter 5:
The Ride of the Rohirrim
him
61.6%
Chapter 6: The Battle of the Pelennor FieldsGondor.
61.6%
Chapter 6: The Battle of the Pelennor FieldsBut
60.5%
Chapter 2: The Passing of the Grey Companygone,
59.3%
Chapter 3:
The Muster of Rohan
all
59.3%
Chapter 5:
The Ride of the Rohirrim
all
59.3%
Chapter 6: The Battle of the Pelennor Fieldsorc-chieftain
59.3%
Chapter 6: The Battle of the Pelennor Fieldsthat
59.3%
Chapter 7:
The Pyre of Denethor
Gate
59.3%
Chapter 8:
The Houses of Healing
Gate
59.3%
Chapter 10:
The Black Gate Opens
all
59.3%
Chapter 5:
The Ride of the Rohirrim
could
58.1%
Chapter 5:
The Ride of the Rohirrim
see
58.1%
Chapter 9:
The Last Debate
with
58.1%
Chapter 2: The Passing of the Grey Companyback
57%
Chapter 4:
The Siege of Gondor
by
55.8%
Chapter 9:
The Last Debate
after
54.7%
Chapter 9:
The Last Debate
battle,
54.7%
Chapter 2: The Passing of the Grey CompanyShadowfax
53.5%
Chapter 9:
The Last Debate
morning
53.5%
Chapter 3:
The Muster of Rohan
war
52.3%
Chapter 5:
The Ride of the Rohirrim
nothing
51.2%
Chapter 10:
The Black Gate Opens
army
51.2%
Chapter Word % Correct
Chapter 2: The Passing of the Grey Companyhoofs
50%
Chapter 10:
The Black Gate Opens
West
50%
Chapter 1:
Minas Tirith
Gandalf's
48.8%
Chapter 1:
Minas Tirith
cloak.
48.8%
Chapter 6: The Battle of the Pelennor Fieldsupon
48.8%
Chapter 9:
The Last Debate
light
48.8%
Chapter 6: The Battle of the Pelennor Fieldsled
47.7%
Chapter 8:
The Houses of Healing
eyes
46.5%
Chapter 10:
The Black Gate Opens
days
46.5%
Chapter 10:
The Black Gate Opens
Pelennor.
46.5%
Chapter 3:
The Muster of Rohan
Now
44.2%
Chapter 3:
The Muster of Rohan
East
44.2%
Chapter 10:
The Black Gate Opens
Two
44.2%
Chapter 10:
The Black Gate Opens
later
44.2%
Chapter 3:
The Muster of Rohan
roads
43%
Chapter 5:
The Ride of the Rohirrim
lay
43%
Chapter 5:
The Ride of the Rohirrim
ground
43%
Chapter 6: The Battle of the Pelennor Fieldsassault
43%
Chapter 6: The Battle of the Pelennor Fieldsbrigand
41.9%
Chapter 3:
The Muster of Rohan
coming
40.7%
Chapter 7:
The Pyre of Denethor
sat
40.7%
Chapter 7:
The Pyre of Denethor
still
39.5%
Chapter 8:
The Houses of Healing
Merry's
39.5%
Chapter 3:
The Muster of Rohan
meet
38.4%
Chapter 5:
The Ride of the Rohirrim
though
38.4%
Chapter 10:
The Black Gate Opens
assembled
38.4%
Chapter 1:
Minas Tirith
shelter
36%
Chapter 2: The Passing of the Grey Companylost
36%
Chapter 4:
The Siege of Gondor
roused
36%
Chapter 5:
The Ride of the Rohirrim
blanket;
34.9%
Chapter 9:
The Last Debate
wind
34.9%
Chapter 8:
The Houses of Healing
ruined
33.7%
Chapter 3:
The Muster of Rohan
together
32.6%
Chapter 5:
The Ride of the Rohirrim
about
32.6%
Chapter 8:
The Houses of Healing
tears
32.6%
Chapter 8:
The Houses of Healing
drew
32.6%
Chapter 8:
The Houses of Healing
near
31.4%
Chapter 3:
The Muster of Rohan
running
30.2%
Chapter 8:
The Houses of Healing
mist
30.2%
Chapter 2: The Passing of the Grey Companythudding
29.1%
Chapter 5:
The Ride of the Rohirrim
trees
26.7%
Chapter 7:
The Pyre of Denethor
motionless.
24.4%
Chapter 7:
The Pyre of Denethor
withdrew,
23.3%
Chapter 3:
The Muster of Rohan
onset
20.9%
Chapter 5:
The Ride of the Rohirrim
yet
20.9%
Chapter 5:
The Ride of the Rohirrim
softly.
19.8%
Chapter 9:
The Last Debate
westward.
18.6%
Chapter 9:
The Last Debate
fair
17.4%
Chapter 9:
The Last Debate
clouds
14%
Chapter 5:
The Ride of the Rohirrim
sighing
11.6%
Chapter 9:
The Last Debate
turning
11.6%
Chapter 5:
The Ride of the Rohirrim
rolled
10.5%
Chapter 8:
The Houses of Healing
weariness
10.5%
Chapter 5:
The Ride of the Rohirrim
windless,
7%
Chapter 5:
The Ride of the Rohirrim
airless
5.8%
Chapter 5:
The Ride of the Rohirrim
hidden
5.8%
Remove Ads.
Support Sporcle.
Get the best of Sporcle when you Go Orange. This ad-free experience offers more features, more stats, and more fun while also helping to support Sporcle. Thank you for becoming a member.

You're not logged in!

Compare scores with friends on all Sporcle quizzes.
OR
Log In

Show Comments

Extras

Top Quizzes Today


Score Distribution

Your Account Isn't Verified!

In order to create a playlist on Sporcle, you need to verify the email address you used during registration. Go to your Sporcle Settings to finish the process.

Report this User

Report this user for behavior that violates our Community Guidelines.

Details: